[Event "EYTCC U18 Girls 2019"]
[Site "Pardubice"]
[Date "2019.07.16"]
[Round "6.40"]
[White "Bogdanic, Katarina"]
[Black "Beliakova, Ilona"]
[Result "1-0"]
[WhiteElo "1955"]
[BlackElo "1759"]
[Annotator "NA"]
[PlyCount "67"]
[EventDate "2019.07.11"]
[EventType "swiss"]
[EventCountry "CZE"]
[SourceTitle "playchess.com"]
[Source "ChessBase"]
[SourceQuality "1"]
[WhiteTeam "Croatia"]
[BlackTeam "Russia"]
[WhiteTeamCountry "CRO"]
[BlackTeamCountry "RUS"]
[TimeControl "40/5400+30:1800+30"]

1. Nf3 {[%emt 0:00:00]} Nf6 {[%emt 0:00:00]} 2. c4 {[%emt 0:00:00]} e6 {[%emt 0:00:00]} 3. g3 {[%emt 0:00:13]} b6 {[%emt 0:01:06]} 4. Bg2 {[%emt 0:00:50]} Bb7 {[%emt 0:00:05]} 5. Nc3 {[%emt 0:00:45]} Be7 {[%emt 0:03:45]} 6. O-O {[%emt 0:01:40]} O-O {[%emt 0:00:42]} 7. d4 {[%emt 0:02:52]} d5 {[%emt 0:02:27]} 8. cxd5 {[%emt 0:06:46]} Nxd5 {[%emt 0:02:36]} 9. Nxd5 {[%emt 0:03:01]} Bxd5 {[%emt 0:00:18]} 10. Bf4 {[%emt 0:02:18]} Nd7 {[%emt 0:09:35]} 11. Qc2 {[%emt 0:07:27]} Bd6 {[%emt 0:04:50]} 12. e4 {[%emt 0:10:55]} Bb7 {[%emt 0:01:45]} 13. e5 {[%emt 0:03:03]} Be7 {[%emt 0:00:10]} 14. Ng5 {[%emt 0:01:59]} Bxg5 {[%emt 0:00:21]} 15. Bxb7 {[%emt 0:01:27]} Rb8 {[%emt 0:01:07]} 16. Bxg5 {[%emt 0:00:31]} Qxg5 {[%emt 0:01:09]} 17. Qxc7 {[%emt 0:00:32]} Qd8 {[%emt 0:02:18]} 18. Rac1 {[%emt 0:01:27]} Nc5 {[%emt 0:04:19]} 19. Qxd8 {[%emt 0:01:46]} Rfxd8 {[%emt 0:02:51]} 20. dxc5 {[%emt 0:00:57]} Rxb7 {[%emt 0:00:09]} 21. Rfd1 {[%emt 0:06:58]} Rxd1+ {[%emt 0:08:22]} 22. Rxd1 {[%emt 0:00:02]} Kf8 {[%emt 0:00:17]} 23. c6 {[%emt 0:01:40]} Rc7 {[%emt 0:00:08]} 24. Rd6 {[%emt 0:02:28]} g5 {[%emt 0:01:39]} 25. f4 {[%emt 0:05:21]} Kg7 {[%emt 0:03:59]} 26. Kf2 {[%emt 0:01:29]} gxf4 {[%emt 0:00:40]} 27. gxf4 {[%emt 0:00:09]} Kg6 {[%emt 0:00:08]} 28. Ke3 {[%emt 0:02:10]} h6 {[%emt 0:04:21]} 29. Ke4 {[%emt 0:02:28]} Kh5 {[%emt 0:00:22]} 30. f5 {[%emt 0:01:07]} Kg5 {[%emt 0:03:40]} 31. fxe6 {[%emt 0:04:10]} fxe6 {[%emt 0:01:13]} 32. Rxe6 {[%emt 0:00:13]} h5 {[%emt 0:00:07]} 33. Kd5 {[%emt 0:00:36]} Kf5 {[%emt 0:01:05]} 34. Rf6+ {[%emt 0:00:34] Ke4+ Kxe4} 1-0

[Event "EYTCC U18 Girls 2019"]
[Site "Pardubice"]
[Date "2019.07.16"]
[Round "6.41"]
[White "Kuhar, Larisa"]
[Black "Jaufarally, Nadia"]
[Result "1-0"]
[WhiteElo "1894"]
[BlackElo "1944"]
[Annotator "NA"]
[PlyCount "83"]
[EventDate "2019.07.11"]
[EventType "swiss"]
[EventCountry "CZE"]
[SourceTitle "playchess.com"]
[Source "ChessBase"]
[SourceQuality "1"]
[WhiteTeam "Slovenia"]
[BlackTeam "England"]
[WhiteTeamCountry "SLO"]
[BlackTeamCountry "ENG"]
[TimeControl "40/5400+30:1800+30"]

1. e4 {[%emt 0:00:00]} e5 {[%emt 0:00:00]} 2. Nf3 {[%emt 0:00:00]} Nc6 {[%emt 0:00:00]} 3. Bb5 {[%emt 0:00:00]} a6 {[%emt 0:00:06]} 4. Bxc6 {[%emt 0:00:06]} dxc6 {[%emt 0:00:07]} 5. O-O {[%emt 0:00:14]} Qf6 {[%emt 0:00:16]} 6. d4 {[%emt 0:01:25]} exd4 {[%emt 0:00:32]} 7. Bg5 {[%emt 0:03:40]} Qd6 {[%emt 0:00:16]} 8. Nxd4 {[%emt 0:00:55]} Bd7 {[%emt 0:00:59]} 9. Nc3 {[%emt 0:08:24]} Ne7 {[%emt 0:01:56]} 10. Be3 {[%emt 0:05:37]} O-O-O {[%emt 0:02:01]} 11. Qe2 {[%emt 0:02:44]} f5 {[%emt 0:10:34]} 12. Nb3 {[%emt 0:14:29]} fxe4 {[%emt 0:10:45]} 13. Nxe4 {[%emt 0:04:51]} Qg6 {[%emt 0:02:05]} 14. Nec5 {[%emt 0:04:43]} Bh3 {[%emt 0:04:32]} 15. Qf3 {[%emt 0:10:26]} Bg4 {[%emt 0:05:21]} 16. Qe4 {[%emt 0:06:19]} Nd5 {[%emt 0:16:54]} 17. Qxg6 {[%emt 0:02:35]} hxg6 {[%emt 0:00:08]} 18. Bg5 {[%emt 0:00:28]} Nf6 {[%emt 0:16:27]} 19. Rfe1 {[%emt 0:04:17]} Bxc5 {[%emt 0:21:07]} 20. Nxc5 {[%emt 0:00:10]} Rd5 {[%emt 0:00:21]} 21. Be3 {[%emt 0:01:36]} Bf5 {[%emt 0:00:43]} 22. c4 {[%emt 0:02:22]} Rd6 {[%emt 0:01:05]} 23. h3 {[%emt 0:02:28]} Rhd8 {[%emt 0:01:30]} 24. Rac1 {[%emt 0:02:13]} Nd7 {[%emt 0:01:33]} 25. Nb3 {[%emt 0:00:56]} Nf8 {[%emt 0:01:24]} 26. Bg5 {[%emt 0:00:17]} Rf6 {[%emt 0:00:57]} 27. g4 {[%emt 0:01:28]} Be6 {[%emt 0:00:28]} 28. Nc5 {[%emt 0:00:27]} Bf7 {[%emt 0:00:22]} 29. Bxf6 {[%emt 0:00:43]} gxf6 {[%emt 0:00:03]} 30. Re7 {[%emt 0:00:12]} Bg8 {[%emt 0:00:13]} 31. b3 {[%emt 0:00:39]} Nd7 {[%emt 0:00:30]} 32. Nxd7 {[%emt 0:00:56]} Rxd7 {[%emt 0:00:05]} 33. Re8+ {[%emt 0:00:36]} Rd8 {[%emt 0:00:04]} 34. Rce1 {[%emt 0:00:30]} Bf7 {[%emt 0:00:59]} 35. Rxd8+ {[%emt 0:01:50]} Kxd8 {[%emt 0:00:05]} 36. f4 {[%emt 0:00:19]} b5 {[%emt 0:00:15]} 37. Re4 {[%emt 0:01:11]} bxc4 {[%emt 0:00:37]} 38. bxc4 {[%emt 0:00:07]} f5 {[%emt 0:00:25]} 39. Rd4+ {[%emt 0:05:00]} Ke7 {[%emt 0:00:11]} 40. c5 {[%emt 0:01:53]} Bxa2 {[%emt 0:00:34]} 41. Ra4 {[%emt 0:30:59]} Be6 {[%emt 0:04:05]} 42. g5 {[%emt 0:00:00]} 1-0

[Event "EYTCC U18 Girls 2019"]
[Site "Pardubice"]
[Date "2019.07.16"]
[Round "6.42"]
[White "Rahulan, Thivyaa"]
[Black "Kralj, Nika"]
[Result "0-1"]
[WhiteElo "1878"]
[BlackElo "1807"]
[Annotator "NA"]
[PlyCount "46"]
[EventDate "2019.07.11"]
[EventType "swiss"]
[EventCountry "CZE"]
[SourceTitle "playchess.com"]
[Source "ChessBase"]
[SourceQuality "1"]
[WhiteTeam "England"]
[BlackTeam "Slovenia"]
[WhiteTeamCountry "ENG"]
[BlackTeamCountry "SLO"]
[TimeControl "40/5400+30:1800+30"]

1. e4 {[%emt 0:00:00]} d6 {[%emt 0:00:00]} 2. d4 {[%emt 0:00:00]} g6 {[%emt 0:00:00]} 3. Nc3 {[%emt 0:00:00]} Bg7 {[%emt 0:00:00]} 4. Be3 {[%emt 0:00:00]} a6 {[%emt 0:00:14]} 5. f4 {[%emt 0:01:04]} b5 {[%emt 0:00:49]} 6. Bd3 {[%emt 0:03:29]} Nf6 {[%emt 0:05:43]} 7. Qd2 {[%emt 0:05:04]} Ng4 {[%emt 0:01:39]} 8. h3 {[%emt 0:02:45]} Nxe3 {[%emt 0:00:11]} 9. Qxe3 {[%emt 0:00:08]} Nd7 {[%emt 0:03:53]} 10. Nce2 {[%emt 0:07:26]} c5 {[%emt 0:01:42]} 11. c3 {[%emt 0:00:19]} Bb7 {[%emt 0:04:02]} 12. Nf3 {[%emt 0:02:35]} Rc8 {[%emt 0:10:14]} 13. e5 {[%emt 0:09:10]} cxd4 {[%emt 0:08:53]} 14. cxd4 {[%emt 0:03:27]} Nb6 {[%emt 0:01:44]} 15. e6 {[%emt 0:13:08]} f5 {[%emt 0:07:45]} 16. Ng5 {[%emt 0:03:17]} Nd5 {[%emt 0:01:15]} 17. Qg3 {[%emt 0:04:59]} Qa5+ {[%emt 0:01:25]} 18. Kf1 {[%emt 0:02:48]} Qd2 {[%emt 0:11:12]} 19. Nxh7 {[%emt 0:07:28]} Ne3+ {[%emt 0:23:49]} 20. Kg1 {[%emt 0:08:35]} Kd8 {[%emt 0:00:07]} 21. Qxg6 {[%emt 0:05:57]} Bxd4 {[%emt 0:01:59]} 22. Nxd4 {[%emt 0:04:41]} Ng4 {[%emt 0:00:23]} 23. Rh2 {[%emt 0:00:47]} Qe3+ {[%emt 0:00:57]} 0-1

[Event "EYTCC U18 Girls 2019"]
[Site "Pardubice"]
[Date "2019.07.17"]
[Round "7.25"]
[White "Katkov, Michelle"]
[Black "Salimova, Nurgyul"]
[Result "1/2-1/2"]
[WhiteElo "2129"]
[BlackElo "2416"]
[Annotator "TA"]
[PlyCount "76"]
[EventDate "2019.07.11"]
[EventType "swiss"]
[EventCountry "CZE"]
[SourceTitle "playchess.com"]
[Source "ChessBase"]
[SourceQuality "1"]
[WhiteTeam "Israel"]
[BlackTeam "Bulgaria"]
[WhiteTeamCountry "ISR"]
[BlackTeamCountry "BUL"]

{[%evp 15,76,4,1,0,0,0,0,0,0,0,29,-37,-34,-94,-102,-101,-97,-100,-102,-154,-147,-161,-143,-135,-65,-127,-44,-108,-108,-112,-118,-175,-160,-175,-151,-158,-153,-154,-154,-153,-157,-150,-150,-156,-154,-153,-155,-171,-165,-167,-164,-163,-166,-171,-189,-221,-217,-219,-217,-223,-222,-217,-212]} 1. e4 c5 2. c3 Nf6 3. e5 Nd5 4. d4 cxd4 5. cxd4 Nc6 6. Nf3 d6 7. Bc4 dxe5 8. dxe5 Ndb4 9. O-O {Hoping for Qe2. B22: Sicilian: 2 c3} (9. Qxd8+ Nxd8 10. Na3 Be6 11. O-O Bxc4 12. Nxc4 Rc8 13. b3 e6 14. Rd1 Ndc6 15. Bb2 Be7 16. Nd4 Nxd4 17. Bxd4 {½-½ (30) Lin,C (2508)-Vidit,S (2717) China 2019}) 9... Qxd1 10. Rxd1 Bg4 {[#] aiming for ...Bxf3.} 11. Nc3 {The position is equal.} Bxf3 12. gxf3 e6 $146 ({Predecessor:} 12... Nxe5 13. Bb3 a6 14. f4 Nf3+ 15. Kh1 e6 16. f5 e5 {½-½ (24) Sparnacini,S (2171)-Gacnik,L (2095) ICCF email 2016}) 13. Nb5 (13. f4 $11) 13... Rc8 $15 14. Bg5 ({White should try} 14. a3 $15 Nc2 15. Rb1) 14... a6 $17 {And now ...h6 would win.} 15. Nd6+ Bxd6 $1 16. exd6 {White wants to mate with d7+.} Kd7 17. Bb3 (17. Kg2 $142) 17... Na5 18. Ba4+ b5 19. Bd2 {[#]} Nbc6 (19... Rc4 $1 $17 20. Bb3 Rd4) 20. Bb3 ({Better is} 20. Bc2 $15) 20... Nb7 (20... Nxb3 $17 21. axb3 Ra8) 21. Be3 (21. Kh1 $15) 21... Nca5 22. Rd3 Rc6 23. Rad1 (23. Bd1 $17 {might work better.}) 23... Rhc8 $19 {Black is clearly better.} 24. f4 Nxb3 ({Don't take} 24... Nxd6 25. f5 $15) 25. Rxb3 Rxd6 26. Rbd3 Ke7 27. Kg2 Rcd8 28. Rxd6 Rxd6 $17 {[%mdl 4096] Endgame KRB-KRN} ({Don't do} 28... Nxd6 29. Bc5 $15) 29. Rc1 Kd7 30. Kf3 Na5 31. b3 Nc6 32. Ke4 Rd5 33. Kf3 g6 34. Ke2 Rh5 35. Rh1 Nb4 36. a4 bxa4 37. bxa4 Nd5 38. Kf3 Nxe3 {Accuracy: White = 47%, Black = 77%.} 1/2-1/2

[Event "EYTCC U18 Girls 2019"]
[Site "Pardubice"]
[Date "2019.07.17"]
[Round "7.26"]
[White "Antova, Gabriela"]
[Black "Levitan, Ronit"]
[Result "1-0"]
[WhiteElo "2257"]
[BlackElo "2022"]
[Annotator "TA"]
[PlyCount "81"]
[EventDate "2019.07.11"]
[EventType "swiss"]
[EventCountry "CZE"]
[SourceTitle "playchess.com"]
[Source "ChessBase"]
[SourceQuality "1"]
[WhiteTeam "Bulgaria"]
[BlackTeam "Israel"]
[WhiteTeamCountry "BUL"]
[BlackTeamCountry "ISR"]

{[%evp 19,81,9,23,26,26,26,23,33,25,21,31,15,26,26,38,29,49,35,75,73,65,65,64,70,68,60,161,142,143,48,174,175,206,200,202,166,243,238,259,245,265,273,338,343,335,318,414,410,390,382,434,440,658,608,2048,1970,5816,5816,29980,29980,29984,29985,29985,29986]} 1. d4 d5 2. c4 e6 3. Nf3 $146 ({Predecessor:} 3. Nc3 Be7 4. Bf4 Nf6 5. e3 O-O 6. a3 c5 7. dxc5 Bxc5 8. Nf3 Nc6 {½-½ (95) Carlsen,M (2853)-Nakamura,H (2814) Saint Louis 2015}) 3... Nf6 4. Nc3 Be7 5. Bf4 O-O 6. e3 c5 7. dxc5 Bxc5 8. Qc2 Nc6 9. a3 Qa5 10. Rd1 {[%cal Ba1d1,Bd1d5,Bd5b5][%mdl 32]} Be7 11. Be2 {D37: Queen's Gambit Declined: 5 Bf4} Ne4 12. cxd5 Nxc3 13. Qxc3 {White has an edge.} Qxc3+ 14. bxc3 exd5 15. Rxd5 Bxa3 16. Nd4 Nxd4 17. exd4 b6 18. Kd2 Be6 19. Rb5 Bd7 20. Rb3 Be7 21. Bf3 {And now Ra1 would win.} Be6 22. Rb2 {Black must now prevent Ra1.} Ba3 ({Black should try} 22... Rad8 $1 $14) 23. Rb5 $36 {[%mdl 2048] Black is under strong pressure.} Bc4 24. Rbb1 (24. Bxa8 $16 {Strongly threatening Bc6.} Bxb5 25. Be4) 24... Rac8 (24... Rad8 $1 $14) 25. Ra1 $18 Be7 26. Rxa7 Bf6 27. Rha1 g6 (27... b5 {might work better.} 28. Bd6 Rfe8) 28. Bg4 Be6 29. Be2 Bd5 30. f3 Bc4 31. Bxc4 Rxc4 32. Ra8 {Hoping for Bd6.} Rxa8 33. Rxa8+ {[%mdl 4096] Endgame KRB-KRB} Kg7 34. Kd3 Rc6 35. c4 {[%cal Bc3c4,Bc4c5,Bc5d6,Bd6d7][%mdl 32] [#] Threatens to win with d5.} b5 (35... Re6 $142 36. Be3 Re7) 36. c5 g5 37. Bd6 b4 38. d5 Rxd6 39. cxd6 {White mates.} b3 40. d7 b2 41. Kc2 {Accuracy: White = 73%, Black = 32%.} 1-0

[Event "EYTCC U18 Girls 2019"]
[Site "Pardubice"]
[Date "2019.07.17"]
[Round "7.27"]
[White "Muetsch, Annmarie"]
[Black "Lehaci, Miruna-Daria"]
[Result "1-0"]
[WhiteElo "2266"]
[BlackElo "2201"]
[Annotator "TA"]
[PlyCount "77"]
[EventDate "2019.07.11"]
[EventType "swiss"]
[EventCountry "CZE"]
[SourceTitle "playchess.com"]
[Source "ChessBase"]
[SourceQuality "1"]
[WhiteTeam "Germany"]
[BlackTeam "Romania"]
[WhiteTeamCountry "GER"]
[BlackTeamCountry "ROU"]

{[%evp 14,77,32,4,45,22,26,-2,19,16,24,0,0,9,25,23,42,0,22,10,-7,-19,37,31,92,96,91,101,93,55,76,45,71,69,74,80,76,41,49,36,37,31,87,78,114,97,139,123,122,109,370,388,363,276,269,266,241,111,673,674,672,665,1295,1295,29990,29991]} 1. e4 e6 2. d4 d5 3. Nd2 c5 4. exd5 exd5 5. Ngf3 Nc6 6. dxc5 Bxc5 7. Nb3 Bd6 8. c3 Nge7 {C09: French Tarrasch: 3...c5 4 exd5 exd5 5 Ngf3 Nc6} 9. Nbd4 (9. Bd3 O-O 10. O-O h6 11. h3 Nf5 12. Bc2 Qf6 13. Qd3 Rd8 14. Re1 Bc7 15. Nbd4 g6 16. Nxf5 Bxf5 17. Qd1 d4 18. cxd4 Ba5 19. Bd2 Nxd4 20. Bxa5 Nxc2 21. Bxd8 Rxd8 22. Qe2 Nxa1 23. Rxa1 Qe6 24. Qb5 Be4 25. Re1 Qc6 26. Qxc6 {½-½ (26) Katz,A (2320)-Harmon Vellotti,L (2430) Arlington 2015}) 9... O-O 10. Bg5 $146 ({Predecessor:} 10. Be2 h6 11. O-O Bg4 12. h3 Bh5 13. Re1 Qd7 {½-½ (27) Buzov,B (2133)-Link,K (1992) Nickenich 2018}) 10... f6 {The position is equal.} 11. Be3 Ne5 12. h3 a6 13. Be2 Bc7 14. Qc2 Qd6 15. Rd1 Kh8 16. h4 Bd7 17. h5 h6 (17... Ng4 $11) 18. Nh4 $14 f5 ({Better is} 18... Rfe8 $14) 19. g3 Qf6 20. Bf4 Rac8 21. Kf1 b5 22. a3 Be8 23. Qc1 Kg8 24. Kg2 Bb6 25. Nhf3 Ng4 26. Bd3 Bd7 27. Qd2 Rce8 ({Black should try} 27... Nc6 $14) 28. Bb1 $16 Bc8 29. Rde1 Qf7 30. Ba2 $36 {[%mdl 2048] White has strong initiative.} Kh7 31. Bd6 {And now Nh4 would win.} Ng8 $2 {[%mdl 8192]} (31... Qf6 $16 {was worth a try.} 32. Be5 Nxe5 33. Nxe5 Bxd4 34. cxd4 (34. Qxd4 f4 $16) 34... Be6) 32. Bxf8 $18 Rxf8 33. Ne5 Nxe5 34. Rxe5 Nf6 35. Nxf5 (35. Qe2 $18 {is more deadly.}) 35... Ne4 $2 {[%mdl 8192] [#]} (35... Ng4 $16 36. Bb1 (36. Bxd5 Qf6 $17) 36... Kh8) 36. Rxe4 $1 {[%cal Be5e4,Be4f4,Bf4f5,Bf5f8][%mdl 32]} Bxf5 (36... dxe4 37. Bxf7) 37. Rf4 Qe7 {[#]} 38. Rxf5 $1 d4 (38... Rxf5 39. Bb1) 39. Rxf8 {Accuracy: White = 51%, Black = 28%.} 1-0

[Event "EYTCC U18 Girls 2019"]
[Site "Pardubice"]
[Date "2019.07.17"]
[Round "7.28"]
[White "Ciolacu, Alessia-Mihaela"]
[Black "Schneider, Jana"]
[Result "1/2-1/2"]
[WhiteElo "2199"]
[BlackElo "2216"]
[Annotator "TA"]
[PlyCount "91"]
[EventDate "2019.07.11"]
[EventType "swiss"]
[EventCountry "CZE"]
[SourceTitle "playchess.com"]
[Source "ChessBase"]
[SourceQuality "1"]
[WhiteTeam "Romania"]
[BlackTeam "Germany"]
[WhiteTeamCountry "ROU"]
[BlackTeamCountry "GER"]

{[%evp 15,91,25,36,20,45,41,82,84,70,69,72,65,77,73,84,78,80,80,95,81,87,57,33,0,13,10,8,0,0,0,30,0,0,-6,102,97,106,0,0,0,0,0,0,-14,-6,-34,-31,-70,-57,-62,0,0,0,0,0,0,0,-13,-5,-12,0,-10,0,-111,-112,-98,-92,-79,-98,-128,-40,-26,-14,-20,0,-94,0,-54]} 1. Nf3 d5 2. c4 e6 3. g3 Nf6 4. Bg2 Be7 5. O-O O-O 6. b3 c6 7. Bb2 Nbd7 8. Qc2 Re8 9. Rd1 {A14: English Opening: 1...e6 with b3 by White} (9. d4 Ne4 10. Ne1 Nd6 11. Nd2 Bf6 12. Nd3 dxc4 13. bxc4 e5 14. c5 Nb5 15. d5 cxd5 16. Bxd5 Nd4 17. Bxd4 exd4 {1-0 (37) Matthiesen,M (2273)-Acikel,M (2040) Helsingor 2018}) 9... Bd6 10. d4 Qe7 11. Nc3 {White is better.} dxc4 12. bxc4 e5 13. e3 exd4 14. exd4 ({Much weaker is} 14. Rxd4 Ne5 $11) 14... Nf8 15. Re1 $146 ({Predecessor:} 15. Rab1 Be6 16. d5 cxd5 17. cxd5 {½-½ (53) Jovanovic,V (2166)-Kezele,T (2045) Herceg Novi 2001}) 15... Qd8 16. Rxe8 Qxe8 17. Re1 Qd8 18. Nh4 Qa5 19. Qd2 Bd7 20. c5 Bc7 21. Nf3 Be6 22. Qc2 Nd5 23. Nxd5 Bxd5 24. a4 b5 {[#]} (24... Bxf3 $11 {keeps the balance.} 25. Bc3 Bxg2 $1 {[%mdl 512]} 26. Bxa5 Bxa5 27. Kxg2 Bxe1) 25. axb5 $1 $16 Qxb5 ({Avoid the trap} 25... Bxf3 $2 26. Bc3 $18) 26. Bf1 (26. Ng5 $16) 26... Qb7 $11 27. Nd2 Ne6 28. Bc3 Bd8 29. Rb1 Qd7 30. Ne4 a5 {[%cal Ba7a5,Ba5a4,Ba4a3][%mdl 32]} 31. h4 a4 32. Nd6 Bc7 (32... a3 $15) 33. Nc4 a3 34. Ra1 Bxc4 35. Bxc4 Nxd4 36. Bxd4 Qxd4 {[%mdl 64] Double Attack} 37. Rd1 Qg4 {aiming for ...a2!} 38. Ba2 Rb8 {And now ...g6 would win.} 39. Re1 {[#]} (39. Rd3 $11) 39... Bxg3 $1 $17 {[%mdl 512]} 40. fxg3 Qxg3+ {[%mdl 64] Double Attack} 41. Kf1 Qxh4 42. Re2 {[#]} Qh1+ (42... g6 $1 $17 {Strongly threatening ...Qh3+.} 43. Qc3 Rd8) 43. Kf2 $11 Qh2+ 44. Kf1 Qh1+ (44... Qh3+ $11 45. Kf2 Qh4+ 46. Kf1 g6) 45. Kf2 $17 Qh2+ 46. Kf1 {Accuracy: White = 53%, Black = 55%.} 1/2-1/2

[Event "EYTCC U18 Girls 2019"]
[Site "Pardubice"]
[Date "2019.07.17"]
[Round "7.29"]
[White "Ferkova, Dominika"]
[Black "Urh, Zala"]
[Result "1-0"]
[WhiteElo "2009"]
[BlackElo "2072"]
[Annotator "NA"]
[PlyCount "95"]
[EventDate "2019.07.11"]
[EventType "swiss"]
[EventCountry "CZE"]
[SourceTitle "playchess.com"]
[Source "ChessBase"]
[SourceQuality "1"]
[WhiteTeam "Slovakia"]
[BlackTeam "Slovenia"]
[WhiteTeamCountry "SVK"]
[BlackTeamCountry "SLO"]
[TimeControl "40/5400+30:1800+30"]

1. d4 {[%emt 0:00:00]} Nf6 {[%emt 0:00:00]} 2. c4 {[%emt 0:00:00]} e6 {[%emt 0:00:00]} 3. Nc3 {[%emt 0:00:00]} Bb4 {[%emt 0:00:00]} 4. e3 {[%emt 0:00:00]} O-O {[%emt 0:00:06]} 5. Bd3 {[%emt 0:00:00]} d5 {[%emt 0:00:12]} 6. cxd5 {[%emt 0:00:00]} exd5 {[%emt 0:00:08]} 7. Nge2 {[%emt 0:00:08]} Re8 {[%emt 0:00:12]} 8. O-O {[%emt 0:00:43]} Bf8 {[%emt 0:04:28]} 9. Ng3 {[%emt 0:05:47]} b6 {[%emt 0:04:06]} 10. Bd2 {[%emt 0:07:29]} c5 {[%emt 0:05:17]} 11. Nce2 {[%emt 0:14:21]} Ba6 {[%emt 0:03:08]} 12. Bc3 {[%emt 0:04:07]} Bxd3 {[%emt 0:04:52]} 13. Qxd3 {[%emt 0:00:07]} Nbd7 {[%emt 0:00:06]} 14. Rae1 {[%emt 0:12:39]} c4 {[%emt 0:04:51]} 15. Qd2 {[%emt 0:06:36]} Nb8 {[%emt 0:08:48]} 16. f3 {[%emt 0:06:37]} Nc6 {[%emt 0:00:47]} 17. b4 {[%emt 0:08:50]} b5 {[%emt 0:03:00]} 18. Nf4 {[%emt 0:05:37]} a5 {[%emt 0:01:05]} 19. a3 {[%emt 0:02:14]} axb4 {[%emt 0:00:16]} 20. axb4 {[%emt 0:00:09]} Ra4 {[%emt 0:01:31]} 21. e4 {[%emt 0:07:05]} dxe4 {[%emt 0:04:21]} 22. fxe4 {[%emt 0:01:12]} Bxb4 {[%emt 0:00:32]} 23. e5 {[%emt 0:06:08]} Bxc3 {[%emt 0:02:39]} 24. Qxc3 {[%emt 0:00:10]} Nd5 {[%emt 0:00:03]} 25. Nxd5 {[%emt 0:00:26]} Qxd5 {[%emt 0:00:02]} 26. Nf5 {[%emt 0:02:06]} Re6 {[%emt 0:07:56]} 27. Qg3 {[%emt 0:08:16]} Rg6 {[%emt 0:01:07]} 28. Qf3 {[%emt 0:00:03]} Qxf3 {[%emt 0:01:04]} 29. Rxf3 {[%emt 0:00:00]} Ra2 {[%emt 0:01:09]} 30. Rf2 {[%emt 0:00:23]} Rxf2 {[%emt 0:01:32]} 31. Kxf2 {[%emt 0:00:01]} Rg5 {[%emt 0:00:01]} 32. Ne3 {[%emt 0:03:03]} Kf8 {[%emt 0:08:44]} 33. Rd1 {[%emt 0:01:23]} f6 {[%emt 0:07:52]} 34. e6 {[%emt 0:00:25]} f5 {[%emt 0:08:14]} 35. d5 {[%emt 0:00:40]} Nd8 {[%emt 0:05:27]} 36. g3 {[%emt 0:00:16]} Rh5 {[%emt 0:00:08]} 37. Kg2 {[%emt 0:00:36]} Rg5 {[%emt 0:02:14]} 38. Kf3 {[%emt 0:00:22]} Rh5 {[%emt 0:00:34]} 39. h4 {[%emt 0:00:19]} Nb7 {[%emt 0:04:52]} 40. Ra1 {[%emt 0:01:04]} Nd6 {[%emt 0:01:59]} 41. Ra8+ {[%emt 0:09:44]} Ke7 {[%emt 0:00:05]} 42. Ra7+ {[%emt 0:00:09]} Kf8 {[%emt 0:02:21]} 43. Rd7 {[%emt 0:02:40]} Ne4 {[%emt 0:02:32]} 44. d6 {[%emt 0:02:46]} Nxd6 {[%emt 0:02:57]} 45. Rxd6 {[%emt 0:00:08]} Ke7 {[%emt 0:00:03]} 46. Ra6 {[%emt 0:01:10]} f4 {[%emt 0:00:44]} 47. Kxf4 {[%emt 0:00:29]} g6 {[%emt 0:01:22]} 48. Ke4 {[%emt 0:00:12]} 1-0